000 00497ntaaa2200193 4500
003 01
005 20251027202449.0
008 0714s1973 ag 01
040 _aAR-BaBN
_bspa
_cAR-BaBN
_eaacr
_dRIC
082 _a266.0981 W75
100 _aWise, Gene H.
_923542
245 _aSao Paulo hears the gospel
250 _a1 ed.
260 _aNashville :
_bConvention Press,
_cc1965
300 _a99 p.
500 _ala obra bautista misionera en Sao Paulo, Brasil
650 _aBrasil
942 _cBK
999 _c19656
_d19656